Dlhodobý hmotný majetok v účtovníctve vybraného podniku diplomová práca

Gespeichert in:
Bibliographische Detailangaben
1. Verfasser: Davalová, Lenka
Körperschaft: Podnikovohospodárska fakulta EU so sídlom v Košiciach. Katedra účtovníctva a financií
Weitere Verfasser: Hvastová, Jozefína, 1969-
Format: Buch
Sprache:Slowakisch
Veröffentlicht: Košice 2012
Tags: Tag hinzufügen
Keine Tags, Fügen Sie das erste Tag hinzu!

MARC

LEADER 00000nbm a2200000 4500
001 0153117
005 20161109102049.3
041 0 |a slo 
044 |a SK 
245 1 0 |a Dlhodobý hmotný majetok v účtovníctve vybraného podniku  |b diplomová práca  |c Lenka Davalová ; školiteľ: Jozefína Hvastová 
264 1 |a Košice  |c 2012 
300 |a 72 s. 
100 1 |a Davalová, Lenka 
700 1 |a Hvastová, Jozefína, 1969- 
710 2 |a Podnikovohospodárska fakulta EU so sídlom v Košiciach. Katedra účtovníctva a financií